String theory and cosmology (Record no. 6049)
[ view plain ]
| 000 -LEADER | |
|---|---|
| fixed length control field | 01571nam a2200361Ia 4500 |
| 001 - CONTROL NUMBER | |
| control field | ebr10698781 |
| 003 - CONTROL NUMBER IDENTIFIER | |
| control field | CaPaEBR |
| 006 - FIXED-LENGTH DATA ELEMENTS--ADDITIONAL MATERIAL CHARACTERISTICS--GENERAL INFORMATION | |
| fixed length control field | m o u |
| 007 - PHYSICAL DESCRIPTION FIXED FIELD--GENERAL INFORMATION | |
| fixed length control field | cr cn||||||||| |
| 008 - FIXED-LENGTH DATA ELEMENTS--GENERAL INFORMATION | |
| fixed length control field | 051116s2005 sz a sb 000 0 eng d |
| 020 ## - INTERNATIONAL STANDARD BOOK NUMBER | |
| Cancelled/invalid ISBN | 9789812564337 |
| Cancelled/invalid ISBN | 9789812701657 |
| Cancelled/invalid ISBN | 9812564330 |
| 040 ## - CATALOGING SOURCE | |
| Original cataloging agency | CaPaEBR |
| Transcribing agency | CaPaEBR |
| 035 ## - SYSTEM CONTROL NUMBER | |
| System control number | (OCoLC)320895451 |
| 050 14 - LIBRARY OF CONGRESS CALL NUMBER | |
| Classification number | QC794.6.S85 |
| Item number | N63 2005eb |
| 082 04 - DEWEY DECIMAL CLASSIFICATION NUMBER | |
| Classification number | 523.1 |
| Edition number | 23 |
| 111 2# - MAIN ENTRY--MEETING NAME | |
| Meeting name or jurisdiction name as entry element | Nobel Symposium |
| Number of part/section/meeting | (127th : |
| Date of meeting | 2003 : |
| Location of meeting | Sigtuna, Sweden) |
| 245 10 - TITLE STATEMENT | |
| Title | String theory and cosmology |
| Medium | [electronic resource] : |
| Remainder of title | proceedings of Nobel Symposium 127, Sigtuna, Sweden, August 14-19, 2003 / |
| Statement of responsibility, etc | editors, U. Danielsson, A. Goobar, B. Nilsson. |
| 260 ## - PUBLICATION, DISTRIBUTION, ETC. (IMPRINT) | |
| Place of publication, distribution, etc | Stockholm : |
| Name of publisher, distributor, etc | Physica Scripta, Royal Swedish Academy of Sciences ; |
| Place of publication, distribution, etc | Singapore : |
| Name of publisher, distributor, etc | World Scientific, |
| Date of publication, distribution, etc | c2005. |
| 300 ## - PHYSICAL DESCRIPTION | |
| Extent | 105 p. : |
| Other physical details | ill. (1 col.) |
| 500 ## - GENERAL NOTE | |
| General note | "The contents of this volume were also published as vol. T117 of Physica scripta"--T.p. verso. |
| 504 ## - BIBLIOGRAPHY, ETC. NOTE | |
| Bibliography, etc | Includes bibliographical references. |
| 533 ## - REPRODUCTION NOTE | |
| Type of reproduction | Electronic reproduction. |
| Place of reproduction | Palo Alto, Calif. : |
| Agency responsible for reproduction | ebrary, |
| Date of reproduction | 2013. |
| Note about reproduction | Available via World Wide Web. |
| -- | Access may be limited to ebrary affiliated libraries. |
| 650 #0 - SUBJECT ADDED ENTRY--TOPICAL TERM | |
| Topical term or geographic name as entry element | String models |
| Form subdivision | Congresses. |
| Topical term or geographic name as entry element | Cosmology |
| Form subdivision | Congresses. |
| 655 #7 - INDEX TERM--GENRE/FORM | |
| Genre/form data or focus term | Electronic books. |
| Source of term | local |
| 700 1# - ADDED ENTRY--PERSONAL NAME | |
| Personal name | Danielsson, Ulf H. |
| Personal name | Goobar, Ariel. |
| Personal name | Nilsson, Bengt E. W. |
| 710 2# - ADDED ENTRY--CORPORATE NAME | |
| Corporate name or jurisdiction name as entry element | ebrary, Inc. |
| 856 40 - ELECTRONIC LOCATION AND ACCESS | |
| Uniform Resource Identifier | <a href="http://site.ebrary.com/lib/rucke/Doc?id=10698781">http://site.ebrary.com/lib/rucke/Doc?id=10698781</a> |
| Public note | An electronic book accessible through the World Wide Web; click to view |
No items available.
